000 00184 a2200097 4500
020 _a9789974791954
041 _aspa
100 _aAnonimo
245 _aEl servidor ingrato
942 _cBK
999 _c11569
_d11569